000 00687nam a2200241Ia 4500
003 OSt
005 20230413100116.0
008 210423s2009 xx 000 0 und d
020 _a9788132107484
040 _cAL
041 _aeng
082 _a001.4 CREJ
100 _aCRESWELL (John W)
_987564
245 _aResearch design: qualitative quantitative and mixed methods approaches
250 _a3
260 _aLos Angeles
_bSage Publications
_c2009
300 _axxix,260
_bPB
365 _b395
_cINR
650 _aGeneral
_987565
650 _aResearch
_987566
906 _aapproaches. ; design: ; methods ; mixed ; qualitative ; quantitative ; Research
942 _2ddc
_cBK
999 _c159647
_d159647